Slovenčina netradične 1.

Bibliographic Details
Main Authors: Šimonová, Brigita, 1942- (Author), Skotnická, Jana (Author)
Format: Book
Language:Slovak
PhysicalDescription:20 s. 21 cm
Published: Banská Bystrica Metodické centrum 1995
ISBN:8080410399
Subjects:

MARC

LEADER 00000nam a2200000 a 4500
001 vtls001058858
003 SK-MaSNL
005 20260228235915.0
008 250414s1995 xo r 0000yyslo
015 |a SNBA1995/0902407 
020 |a 8080410399 
035 |a SNK000001675 
040 |a SNK  |b slo  |c SNK  |e AACR2 
041 0 |a slo 
044 |a xo  |c SK 
080 |a 371.3:808.54(072)  |2 1981 
080 |a 808.54(072)  |2 1981 
100 1 |a Šimonová, Brigita,  |d 1942-  |4 aut  |9 111007 
245 1 0 |a Slovenčina netradične  |n 1.  |c Brigita Šimonová, Jana Skotnická 
260 |a Banská Bystrica  |b Metodické centrum  |c 1995 
300 |a 20 s.  |c 21 cm 
366 |e 400 výt. 
650 0 7 |a slovenčina  |2 SNKPH  |9 1350 
650 0 7 |a didaktika slovenského jazyka  |2 SNKPH  |9 53333 
655 7 |a príručky  |2 SNKPH  |9 74364 
700 1 |a Skotnická, Jana  |4 aut  |9 276492 
852 |a Slovenská národná knižnica 
919 |a 80-8041-039-9 
954 |a slovenčina  |a metodika vyučovania 
958 |a TL 
999 |c 531613  |d 533543 
952 |t P60, <09>, [BOOK], {629}  |a SNK  |b SNK  |y NEVYP  |7 0  |o snkC 1330  |i snk2593/950809  |0 0  |1 0  |4 0  |d 1995-08-08  |l 0  |r 2004-12-31 00:00:00  |w 2026-02-23 
952 |t P60, <03>, [BOOK], {603}  |a SNK  |b SNK  |y PREZ  |7 0  |o snkSC 88795  |i snkKSP 6977/95  |0 0  |1 0  |4 0  |d 1995-08-08  |l 0  |r 2004-12-31 00:00:00  |w 2026-02-23 
952 |t P60, <04>, [BOOK], {604}  |a SNK  |b SNK  |y VYP  |7 0  |p 17A0075639  |o snkSC 88795 D1  |i snkKSP 6978/95  |0 0  |1 0  |4 0  |d 1995-08-08  |l 0  |r 2004-12-31 00:00:00  |w 2026-02-23 
952 |a SNK  |b SNK  |y PREZ  |7 0  |p 17A1012773  |o snkSC 88795   |0 0  |1 0  |4 0  |d 2012-08-20  |f 1  |l 0  |r 2025-09-08 00:00:00  |w 2026-02-23